[Event "Bristol Spring 2017 Fide Open"]
[Site "Bristol"]
[Date "2017.02.24"]
[Round "1.1"]
[White "Arkell, Keith C"]
[Black "Cordner, David A"]
[Result "1-0"]
[WhiteElo "2406"]
[BlackElo "1981"]
[PlyCount "115"]
[EventDate "2017.02.24"]
[SourceTitle "Bristol Spring FO 2017"]
[Source "Dave Tipper"]
[SourceDate "2017.03.04"]
[SourceVersion "1"]
[SourceVersionDate "2017.03.04"]
[SourceQuality "2"]

1. Nf3 Nf6 2. d4 e6 3. c4 Bb4+ 4. Bd2 Qe7 5. g3 Nc6 6. Nc3 Bxc3 7. Bxc3 Ne4 8.
Rc1 d6 9. d5 Nxc3 10. Rxc3 Nb8 11. dxe6 Bxe6 12. Bg2 Nd7 13. Nd4 c6 14. Re3 O-O
15. Bh3 Ne5 16. Nxe6 fxe6 17. O-O Rf6 18. Qd4 Rh6 19. Bg2 Nf7 20. b4 e5 21. Qc3
Re8 22. b5 Qc7 23. Qa3 Ra8 24. Qa4 cxb5 25. Qxb5 Rb8 26. Rd1 Rf6 27. Bd5 Kh8
28. Ra3 a6 29. Qa5 Rc8 30. Qxc7 Rxc7 31. Rb3 Nd8 32. Rb6 g6 33. Rdb1 Kg7 34.
Bxb7 Nxb7 35. Rxb7 Rff7 36. Rxc7 Rxc7 37. Rb4 Kf6 38. e4 Ke6 39. Kf1 a5 40. Ra4
Ra7 41. Ke2 Kd7 42. f4 Kc6 43. f5 gxf5 44. exf5 Rf7 45. g4 h5 46. h3 hxg4 47.
hxg4 Rg7 48. Kf3 Kc5 49. Kg3 Kd4 50. c5+ Kxc5 51. Rxa5+ Kd4 52. f6 Rg6 53. f7
Rf6 54. Ra7 e4 55. g5 Rf3+ 56. Kg4 Rf1 57. g6 e3 58. Re7 1-0

[Event "Bristol Spring 2017 Fide Open"]
[Site "Bristol"]
[Date "2017.02.24"]
[Round "1.2"]
[White "Bennett, Dominic L"]
[Black "Chapman, Andrew N"]
[Result "1-0"]
[WhiteElo "1944"]
[BlackElo "2187"]
[PlyCount "57"]
[EventDate "2017.02.24"]
[SourceTitle "Bristol Spring FO 2017"]
[Source "Dave Tipper"]
[SourceDate "2017.03.04"]
[SourceVersion "1"]
[SourceVersionDate "2017.03.04"]
[SourceQuality "2"]

1. c4 c5 2. Nf3 Nf6 3. Nc3 Nc6 4. d4 cxd4 5. Nxd4 d6 6. e4 e5 7. Nc2 Be6 8. Be2
Rc8 9. O-O Qd7 10. Be3 b6 11. f3 h5 12. Qd2 Be7 13. Rfd1 O-O 14. b3 Rfd8 15.
Bf1 Qb7 16. Qf2 Ne8 17. Qg3 h4 18. Qe1 g5 19. Rd2 f5 20. exf5 Bxf5 21. Bd3 Qd7
22. Be4 Ng7 23. Rad1 Na5 24. Nb4 Nb7 25. Bd5+ Be6 26. Ne4 Bxd5 27. Nxd5 Kf7 28.
Nxe7 Qxe7 29. Bxg5 1-0

[Event "Bristol Spring 2017 Fide Open"]
[Site "Bristol"]
[Date "2017.02.24"]
[Round "1.3"]
[White "Bicknell, Carl"]
[Black "French, Max"]
[Result "1-0"]
[WhiteElo "2082"]
[BlackElo "1930"]
[PlyCount "51"]
[EventDate "2017.02.24"]
[SourceTitle "Bristol Spring FO 2017"]
[Source "Dave Tipper"]
[SourceDate "2017.03.04"]
[SourceVersion "1"]
[SourceVersionDate "2017.03.04"]
[SourceQuality "2"]

1. e4 c6 2. d4 d5 3. exd5 cxd5 4. Bd3 Nc6 5. c3 Qc7 6. h3 e6 7. Nf3 Bd6 8. O-O
h6 9. Re1 Nf6 10. Nbd2 O-O 11. Qe2 b6 12. Ne5 Na5 13. Nf1 a6 14. g4 Nh7 15. Qc2
f5 16. Ng3 Nc4 17. f4 g5 18. gxf5 gxf4 19. Bxf4 Ng5 20. Bxg5 hxg5 21. Bxc4 dxc4
22. fxe6 Rf6 23. Qd2 Rf4 24. Nh5 Rf5 25. Ng4 Bf4 26. Qc2 1-0

[Event "Bristol Spring 2017 Fide Open"]
[Site "Bristol"]
[Date "2017.02.24"]
[Round "1.4"]
[White "Sagues, Vincent"]
[Black "Gazes, Matthew"]
[Result "1/2-1/2"]
[WhiteElo "1923"]
[BlackElo "2080"]
[PlyCount "45"]
[EventDate "2017.02.24"]
[SourceTitle "Bristol Spring FO 2017"]
[Source "Dave Tipper"]
[SourceDate "2017.03.04"]
[SourceVersion "1"]
[SourceVersionDate "2017.03.04"]
[SourceQuality "2"]

1. e4 Nf6 2. e5 Nd5 3. c4 Nb6 4. d4 d6 5. exd6 exd6 6. Nf3 Be7 7. Be2 O-O 8.
O-O Bf6 9. Nc3 Re8 10. h3 Nc6 11. Bf4 Bf5 12. Rc1 a6 13. d5 Ne5 14. Nd4 Qd7 15.
b3 Ng6 16. Be3 Nh4 17. Nxf5 Nxf5 18. Bxb6 cxb6 19. Bg4 Re5 20. Qc2 g6 21. Ne4
Qe7 22. Bxf5 Rxf5 23. Nxf6+ 1/2-1/2

[Event "Bristol Spring 2017 Fide Open"]
[Site "Bristol"]
[Date "2017.02.24"]
[Round "1.5"]
[White "Waddington, Mike P"]
[Black "Matei, Ciprian"]
[Result "1/2-1/2"]
[WhiteElo "2073"]
[BlackElo "1886"]
[PlyCount "50"]
[EventDate "2017.02.24"]
[SourceTitle "Bristol Spring FO 2017"]
[Source "Dave Tipper"]
[SourceDate "2017.03.04"]
[SourceVersion "1"]
[SourceVersionDate "2017.03.04"]
[SourceQuality "2"]

1. c4 Nf6 2. Nc3 c5 3. g3 g6 4. Bg2 Bg7 5. Nf3 O-O 6. O-O Nc6 7. d3 d6 8. Rb1
Bd7 9. a3 a5 10. b3 Nd4 11. Nxd4 cxd4 12. Nb5 Bxb5 13. cxb5 Qb6 14. a4 Rfc8 15.
Bd2 d5 16. Rc1 e6 17. Qe1 Rxc1 18. Qxc1 Qd8 19. Qb2 Nd7 20. Rc1 b6 21. Rc2 Nc5
22. Bf1 h5 23. h4 Kh7 24. Rc1 Rc8 25. Rb1 Ra8 1/2-1/2

[Event "Bristol Spring 2017 Fide Open"]
[Site "Bristol"]
[Date "2017.02.24"]
[Round "1.6"]
[White "Cherupalli, Ramprasad"]
[Black "Dilleigh, Stephen P"]
[Result "0-1"]
[WhiteElo "1850"]
[BlackElo "2036"]
[PlyCount "80"]
[EventDate "2017.02.24"]
[SourceTitle "Bristol Spring FO 2017"]
[Source "Dave Tipper"]
[SourceDate "2017.03.04"]
[SourceVersion "1"]
[SourceVersionDate "2017.03.04"]
[SourceQuality "2"]

1. Nf3 d6 2. g3 g6 3. c4 Bg7 4. Bg2 Nf6 5. Nc3 O-O 6. Rb1 a5 7. a3 Nc6 8. b4
axb4 9. axb4 e5 10. d3 h6 11. Bd2 Be6 12. Qc1 Kh7 13. e4 Ne7 14. h4 c6 15. Kf1
Nh5 16. Nh2 f5 17. Bf3 Nf6 18. Kg2 d5 19. Rd1 fxe4 20. dxe4 d4 21. Ne2 Qe8 22.
b5 c5 23. g4 Qf7 24. g5 Ng4 25. Ng1 Nxh2 26. Kxh2 h5 27. Qc2 Ra3 28. Rb3 Rxb3
29. Qxb3 Bxc4 30. Qa3 Bb3 31. Rc1 b6 32. Rb1 Be6 33. Be1 Nc8 34. Bg2 Qf4+ 35.
Qg3 Nd6 36. Ne2 Qxg3+ 37. Kxg3 Ra8 38. f3 Ra3 39. Kf2 Rb3 40. Ra1 Rb2 0-1

[Event "Bristol Spring 2017 Fide Open"]
[Site "Bristol"]
[Date "2017.02.24"]
[Round "1.7"]
[White "Chapman, Matt"]
[Black "Bryant, Jon"]
[Result "1/2-1/2"]
[WhiteElo "2035"]
[BlackElo "1821"]
[PlyCount "65"]
[EventDate "2017.02.24"]
[SourceTitle "Bristol Spring FO 2017"]
[Source "Dave Tipper"]
[SourceDate "2017.03.04"]
[SourceVersion "1"]
[SourceVersionDate "2017.03.04"]
[SourceQuality "2"]

1. e4 g6 2. d4 Bg7 3. c4 d6 4. Nc3 Nf6 5. Nf3 O-O 6. Be2 e5 7. d5 a5 8. O-O Na6
9. Qc2 Nc5 10. Be3 Qe7 11. a3 a4 12. Nd2 Bd7 13. b4 axb3 14. Nxb3 Nxb3 15. Qxb3
b6 16. Ra2 Ra5 17. Rfa1 Rfa8 18. a4 Qf8 19. f3 Bh6 20. Bf2 Qc8 21. Nb5 Bxb5 22.
cxb5 Nd7 23. Be1 Nc5 24. Qc2 Be3+ 25. Kh1 Bd4 26. Bxa5 Bxa1 27. Bxb6 cxb6 28.
Rxa1 Ra5 29. Bd1 Qa8 30. Qc4 Qa7 31. Bc2 g5 32. Kg1 Kg7 33. Kf1 1/2-1/2

[Event "Bristol Spring 2017 Fide Open"]
[Site "Bristol"]
[Date "2017.02.24"]
[Round "1.8"]
[White "Waters, Andrew C"]
[Black "Garcia Hernandez, Oscar"]
[Result "0-1"]
[WhiteElo "1792"]
[BlackElo "2013"]
[PlyCount "44"]
[EventDate "2017.02.24"]
[SourceTitle "Bristol Spring FO 2017"]
[Source "Dave Tipper"]
[SourceDate "2017.03.04"]
[SourceVersion "1"]
[SourceVersionDate "2017.03.04"]
[SourceQuality "2"]

1. e4 e6 2. d4 d5 3. exd5 exd5 4. Nf3 Bg4 5. Bd3 Nc6 6. c3 Bd6 7. O-O Nge7 8.
Be3 Qd7 9. Nbd2 O-O-O 10. b4 Nf5 11. Bb5 Nxe3 12. Bxc6 Qxc6 13. fxe3 Qxc3 14.
Re1 Bxb4 15. Qa4 Bxf3 16. Nxf3 Qa3 17. Qxa3 Bxa3 18. Ne5 Rhf8 19. Rab1 f6 20.
Nd3 Rfe8 21. Rb3 Bd6 22. Reb1 Rxe3 0-1

[Event "Bristol Spring 2017 Fide Open"]
[Site "Bristol"]
[Date "2017.02.25"]
[Round "2.1"]
[White "Garcia Hernandez, Oscar"]
[Black "Arkell, Keith C"]
[Result "0-1"]
[WhiteElo "2013"]
[BlackElo "2406"]
[PlyCount "60"]
[EventDate "2017.02.24"]
[SourceTitle "Bristol Spring FO 2017"]
[Source "Dave Tipper"]
[SourceDate "2017.03.04"]
[SourceVersion "1"]
[SourceVersionDate "2017.03.04"]
[SourceQuality "2"]

1. e4 c6 2. Nc3 d5 3. Nf3 Bg4 4. h3 Bxf3 5. Qxf3 Nf6 6. e5 Nfd7 7. e6 fxe6 8.
d4 e5 9. dxe5 Nxe5 10. Qh5+ Nf7 11. Bf4 Nd7 12. O-O-O Nf6 13. Qe2 Qd7 14. g4 g5
15. Bh2 O-O-O 16. Qf3 Bg7 17. Na4 e5 18. Nc5 Qe7 19. Qc3 Rhe8 20. Bg2 Nd6 21.
Rhe1 Nc4 22. Ne4 Nxb2 23. Kxb2 Nxe4 24. Bxe4 dxe4 25. Rxd8+ Qxd8 26. Rxe4 Qb6+
27. Ka1 Qxf2 28. Bxe5 Rxe5 29. Rxe5 Qf6 30. Re8+ Kd7 0-1

[Event "Bristol Spring 2017 Fide Open"]
[Site "Bristol"]
[Date "2017.02.25"]
[Round "2.2"]
[White "Hamilton, Selwyn Ll"]
[Black "Bicknell, Carl"]
[Result "0-1"]
[WhiteElo "1750"]
[BlackElo "2082"]
[PlyCount "128"]
[EventDate "2017.02.24"]
[SourceTitle "Bristol Spring FO 2017"]
[Source "Dave Tipper"]
[SourceDate "2017.03.04"]
[SourceVersion "1"]
[SourceVersionDate "2017.03.04"]
[SourceQuality "2"]

1. c4 e5 2. Nc3 Nf6 3. Nf3 Nc6 4. d3 d5 5. cxd5 Nxd5 6. e4 Nb6 7. h3 Be7 8. Be2
O-O 9. O-O Be6 10. Be3 Bf6 11. Na4 Nxa4 12. Qxa4 Qd7 13. Qc2 Rfd8 14. a3 a5 15.
b3 h6 16. Rac1 g5 17. Nd2 Be7 18. a4 Ba3 19. Rcd1 f6 20. Nc4 Bb4 21. Qb2 Nd4
22. Bxd4 Qxd4 23. Qxd4 Rxd4 24. Rb1 c6 25. Ne3 Bf8 26. Nc2 Rd7 27. Rfd1 Bc5 28.
Ne1 Rd6 29. Nf3 Rb8 30. Rdc1 Ba3 31. Rd1 c5 32. Kf1 Bb4 33. Nd2 Rd4 34. Nc4 b5
35. axb5 Rxb5 36. Rdc1 Kf8 37. Rc2 Ke7 38. Ra2 Rd8 39. Rba1 Ra8 40. Bd1 Bc3 41.
Rc1 Bd4 42. Ra4 f5 43. Ke2 fxe4 44. dxe4 Rf8 45. f3 Ra8 46. Ne3 Bxe3 47. Kxe3
Bxb3 48. Bxb3 Rxb3+ 49. Kf2 Rb4 50. Rc4 Rxc4 51. Rxc4 Kd6 52. Ra4 Kc6 53. Ke2
Kb5 54. Ra1 c4 55. Kd2 a4 56. Kc3 Rd8 57. Ra2 Rd3+ 58. Kc2 Kb4 59. Rb2+ Rb3 60.
Ra2 a3 61. h4 gxh4 62. Kc1 h3 63. gxh3 Rxf3 64. h4 Rf1+ 0-1

[Event "Bristol Spring 2017 Fide Open"]
[Site "Bristol"]
[Date "2017.02.25"]
[Round "2.3"]
[White "Dilleigh, Stephen P"]
[Black "Bennett, Dominic L"]
[Result "1-0"]
[WhiteElo "2036"]
[BlackElo "1944"]
[PlyCount "67"]
[EventDate "2017.02.24"]
[SourceTitle "Bristol Spring FO 2017"]
[Source "Dave Tipper"]
[SourceDate "2017.03.04"]
[SourceVersion "1"]
[SourceVersionDate "2017.03.04"]
[SourceQuality "2"]

1. Nf3 c6 2. c4 e6 3. d4 d5 4. Nbd2 f5 5. g3 b5 6. cxb5 cxb5 7. Bg2 Nf6 8. O-O
Nbd7 9. Ne1 Bd6 10. Ndf3 O-O 11. Nd3 Ne4 12. Bf4 Be7 13. Rc1 g5 14. Bc7 Qe8 15.
Ba5 Rf6 16. Nfe5 Rh6 17. e3 g4 18. Nf4 Nf8 19. f3 gxf3 20. Bxf3 a6 21. a3 Bf6
22. Ned3 Ra7 23. Qc2 Bd7 24. Bc7 Ng6 25. Nxg6 hxg6 26. Be5 Be7 27. Bxe4 dxe4
28. Nc5 g5 29. g4 a5 30. gxf5 exf5 31. Nxd7 Rxd7 32. Rxf5 Rh4 33. Qb3+ Kh7 34.
Rf7+ 1-0

[Event "Bristol Spring 2017 Fide Open"]
[Site "Bristol"]
[Date "2017.02.25"]
[Round "2.4"]
[White "Villiers, Thomas"]
[Black "Sagues, Vincent"]
[Result "1-0"]
[WhiteElo "2145"]
[BlackElo "1923"]
[PlyCount "119"]
[EventDate "2017.02.24"]
[SourceTitle "Bristol Spring FO 2017"]
[Source "Dave Tipper"]
[SourceDate "2017.03.04"]
[SourceVersion "1"]
[SourceVersionDate "2017.03.04"]
[SourceQuality "2"]

1. e4 e6 2. d4 d5 3. Nd2 Nf6 4. e5 Nfd7 5. f4 c5 6. c3 Nc6 7. Ngf3 Qb6 8. Nb3
cxd4 9. cxd4 a5 10. a4 f6 11. Bd3 Be7 12. O-O Nb4 13. Bb5 O-O 14. Be3 Nb8 15.
Nc5 N8a6 16. Qc1 Nxc5 17. dxc5 Qc7 18. Bd4 f5 19. Qc3 Bd7 20. Be2 Rfc8 21. Rfc1
Na6 22. Bxa6 Rxa6 23. Ne1 Qd8 24. Qb3 Bc6 25. Qe3 Qf8 26. Nd3 Raa8 27. Rc3 Kh8
28. b3 Bd7 29. Kf2 Rc7 30. Ke2 Qf7 31. Qf3 Rg8 32. Rg1 Rgc8 33. Rgc1 Rg8 34. g3
Rcc8 35. h3 g5 36. fxg5 Bxg5 37. Rg1 Rcf8 38. h4 Bd8 39. Nf4 Rg4 40. Qf2 Rfg8
41. Rcc1 Bc7 42. Kd3 Qe8 43. Nxd5 Bd8 44. Nf6 Bxf6 45. exf6 Qf7 46. Kc3 Bc6 47.
Be5 Bd5 48. Rcd1 Rb4 49. Rxd5 exd5 50. Bd4 Rg4 51. Rd1 Rbxd4 52. Rxd4 Qxf6 53.
Kd3 Re4 54. Rxd5 Qa6+ 55. Kc3 Qf6+ 56. Kc2 Qe7 57. Qxf5 Re2+ 58. Rd2 Rxd2+ 59.
Kxd2 Qc7 60. Qf8# 1-0

[Event "Bristol Spring 2017 Fide Open"]
[Site "Bristol"]
[Date "2017.02.25"]
[Round "2.5"]
[White "Gazes, Matthew"]
[Black "Kramaley, David"]
[Result "0-1"]
[WhiteElo "2080"]
[BlackElo "1816"]
[PlyCount "97"]
[EventDate "2017.02.24"]
[SourceTitle "Bristol Spring FO 2017"]
[Source "Dave Tipper"]
[SourceDate "2017.03.04"]
[SourceVersion "1"]
[SourceVersionDate "2017.03.04"]
[SourceQuality "2"]

1. e4 e5 2. Nf3 Nc6 3. Bc4 Bc5 4. c3 Nf6 5. d3 a6 6. Bb3 d6 7. h3 Ba7 8. Nbd2
O-O 9. Nf1 Ne7 10. Ng3 Ng6 11. O-O c6 12. Re1 Be6 13. Bc2 h6 14. Nf5 d5 15. Qe2
Qc7 16. N3h4 Nxh4 17. Nxh4 d4 18. Qf3 Kh7 19. Nf5 Ng8 20. cxd4 g6 21. dxe5 gxf5
22. exf5 Bd5 23. Qg4 f6 24. Be3 Qg7 25. Qxg7+ Kxg7 26. Bxa7 Rxa7 27. e6 c5 28.
Re3 Ne7 29. g4 b5 30. a3 Nc6 31. Rae1 Rg8 32. Bd1 Kf8 33. f4 Ke7 34. Kf2 Nd4
35. h4 a5 36. Rg3 Kd6 37. Ree3 Rag7 38. Rg1 Bb3 39. e7 Re8 40. Bxb3 Nxb3 41.
Re6+ Kd7 42. Rxf6 Rgxe7 43. Rd1 Re2+ 44. Kg1 Nd4 45. Rf7+ Kd6 46. Rf6+ Kd5 47.
Rxh6 Rxb2 48. f6 Ree2 49. Rf1 0-1

[Event "Bristol Spring 2017 Fide Open"]
[Site "Bristol"]
[Date "2017.02.25"]
[Round "2.6"]
[White "Bryant, Jon"]
[Black "Waddington, Mike P"]
[Result "0-1"]
[WhiteElo "1821"]
[BlackElo "2073"]
[PlyCount "92"]
[EventDate "2017.02.24"]
[SourceTitle "Bristol Spring FO 2017"]
[Source "Dave Tipper"]
[SourceDate "2017.03.04"]
[SourceVersion "1"]
[SourceVersionDate "2017.03.04"]
[SourceQuality "2"]

1. Nf3 f5 2. g3 Nf6 3. Bg2 g6 4. O-O Bg7 5. c4 O-O 6. d4 d6 7. d5 c5 8. Nc3 Na6
9. Rb1 Bd7 10. b3 Rb8 11. Bb2 Nc7 12. e4 fxe4 13. Ng5 b5 14. Ncxe4 bxc4 15.
bxc4 Rxb2 16. Rxb2 Nxe4 17. Bxe4 Bxb2 18. Nxh7 Rf5 19. Bxf5 Bxf5 20. Ng5 Bf6
21. h4 Na8 22. g4 Bd7 23. Qd3 Qe8 24. Qe4 Nb6 25. Re1 Kg7 26. Nf3 Kf8 27. Ng5
Bxg5 28. hxg5 Qf7 29. Re3 Ke8 30. Rf3 Qh7 31. Rf6 Kd8 32. Qxg6 Qh3 33. Rf8+ Kc7
34. Qe4 Bxg4 35. g6 Qh6 36. Qxe7+ Bd7 37. Qf6 Qc1+ 38. Kg2 Qxc4 39. Qg5 Qe4+
40. Kg3 Qh1 41. Qh4 Qg1+ 42. Kf3 Qxg6 43. Qe4 Qh5+ 44. Ke3 Nxd5+ 45. Kd3 Qd1+
46. Kc4 Qa4+ 0-1

[Event "Bristol Spring 2017 Fide Open"]
[Site "Bristol"]
[Date "2017.02.25"]
[Round "2.7"]
[White "Matei, Ciprian"]
[Black "Chapman, Matt"]
[Result "1/2-1/2"]
[WhiteElo "1886"]
[BlackElo "2035"]
[PlyCount "49"]
[EventDate "2017.02.24"]
[SourceTitle "Bristol Spring FO 2017"]
[Source "Dave Tipper"]
[SourceDate "2017.03.04"]
[SourceVersion "1"]
[SourceVersionDate "2017.03.04"]
[SourceQuality "2"]

1. d4 d5 2. c4 c6 3. Nf3 Nf6 4. Nc3 dxc4 5. a4 Bf5 6. e3 e6 7. Bxc4 Bb4 8. O-O
Nbd7 9. Na2 Be7 10. b4 O-O 11. Bb2 Nb6 12. Be2 Nbd5 13. b5 c5 14. Rc1 Rc8 15.
Qb3 cxd4 16. Bxd4 Qa5 17. Ne5 Nb6 18. Nc3 Ne4 19. Nxe4 Bxe4 20. Bxb6 axb6 21.
Bc4 Bg6 22. Nxg6 hxg6 23. g3 Qb4 24. Qxb4 Bxb4 25. Be2 1/2-1/2

[Event "Bristol Spring 2017 Fide Open"]
[Site "Bristol"]
[Date "2017.02.25"]
[Round "2.8"]
[White "Timmins, Chris P"]
[Black "Meek, Stephen J"]
[Result "1-0"]
[WhiteElo "1788"]
[BlackElo "2024"]
[PlyCount "115"]
[EventDate "2017.02.24"]
[SourceTitle "Bristol Spring FO 2017"]
[Source "Dave Tipper"]
[SourceDate "2017.03.04"]
[SourceVersion "1"]
[SourceVersionDate "2017.03.04"]
[SourceQuality "2"]

1. e4 c6 2. Nc3 d5 3. d4 dxe4 4. Nxe4 Bf5 5. Ng3 Bg6 6. h4 h6 7. f4 e6 8. Nf3
Nd7 9. h5 Bh7 10. Bd3 Bxd3 11. Qxd3 Qc7 12. Bd2 Ngf6 13. O-O-O Bd6 14. Ne5 c5
15. Nxd7 Qxd7 16. dxc5 Bxc5 17. Qxd7+ Nxd7 18. f5 e5 19. Ne4 Be7 20. Be3 b6 21.
Rd5 O-O-O 22. Rhd1 Rhe8 23. a4 Nf6 24. Nxf6 Bxf6 25. a5 Rxd5 26. Rxd5 Kc7 27.
c4 Kc6 28. Kc2 Bd8 29. a6 f6 30. b4 Be7 31. b5+ Kc7 32. Kb3 Bf8 33. c5 Bxc5 34.
Bxc5 bxc5 35. Rxc5+ Kd6 36. Kc4 e4 37. Rc6+ Kd7 38. Re6 Rc8+ 39. Kb4 Rc2 40.
Rxe4 Rxg2 41. Rd4+ Kc7 42. Rc4+ Kb8 43. Kc5 Kc7 44. Kb4+ Kb8 45. Re4 Rf2 46.
Re8+ Kc7 47. Re7+ Kb8 48. Rb7+ Ka8 49. Rxg7 Kb8 50. Rb7+ Kc8 51. Rxa7 Rxf5 52.
b6 Rf1 53. Rc7+ Kd8 54. a7 Rb1+ 55. Ka5 Ra1+ 56. Kb5 f5 57. Kc6 f4 58. Kb7 1-0

[Event "Bristol Spring 2017 Fide Open"]
[Site "Bristol"]
[Date "2017.02.25"]
[Round "2.9"]
[White "Howell, Oliver W"]
[Black "Sanghera, Parminder"]
[Result "0-1"]
[WhiteElo "1771"]
[BlackElo "1996"]
[PlyCount "122"]
[EventDate "2017.02.24"]
[SourceTitle "Bristol Spring FO 2017"]
[Source "Dave Tipper"]
[SourceDate "2017.03.04"]
[SourceVersion "1"]
[SourceVersionDate "2017.03.04"]
[SourceQuality "2"]

1. Nf3 d5 2. c4 e6 3. g3 c6 4. b3 b5 5. Bg2 bxc4 6. bxc4 Nf6 7. Bb2 Be7 8. Qc2
h6 9. O-O O-O 10. d4 Nbd7 11. c5 Ne4 12. Nbd2 f5 13. Nxe4 fxe4 14. Nd2 Ba6 15.
Rfe1 Bf6 16. Bh3 Re8 17. f3 e5 18. fxe4 exd4 19. exd5 cxd5 20. Nf3 Bc4 21. c6
Ne5 22. Nxd4 Nxc6 23. e3 Nb4 24. Qg6 Re5 25. Ne6 Bd3 26. Qg4 Bf5 27. Qxb4 Bxe6
28. Bxe5 Bxh3 29. Bxf6 Qxf6 30. Qf4 Qe6 31. Rad1 Rf8 32. Qd4 Rf5 33. e4 Re5 34.
Rd2 dxe4 35. Rde2 Bf5 36. Qxa7 Kh7 37. a4 Qd5 38. Re3 Bg4 39. a5 Bf3 40. a6 Qd2
41. R3e2 Qd3 42. Re3 Qc2 43. R3e2 Bxe2 44. Qf2 Bd3 45. Qxc2 Bxc2 46. Rc1 Bd3
47. a7 Ra5 48. Rc7 Ra2 49. Rd7 Kg6 50. h3 Kf6 51. h4 h5 52. Rd6+ Ke5 53. Rd7 g6
54. Re7+ Kf5 55. Rf7+ Kg4 56. a8=Q Rxa8 57. Rf2 e3 58. Rf4+ Kxg3 59. Rf1 Bxf1
60. Kxf1 Kf3 61. Ke1 Ra1# 0-1

[Event "Bristol Spring 2017 Fide Open"]
[Site "Bristol"]
[Date "2017.02.25"]
[Round "2.10"]
[White "Turner, Joseph David"]
[Black "Fowler, Hugo"]
[Result "1-0"]
[WhiteElo "1936"]
[BlackElo "1553"]
[PlyCount "47"]
[EventDate "2017.02.24"]
[SourceTitle "Bristol Spring FO 2017"]
[Source "Dave Tipper"]
[SourceDate "2017.03.04"]
[SourceVersion "1"]
[SourceVersionDate "2017.03.04"]
[SourceQuality "2"]

1. e4 e5 2. f4 Bc5 3. Nf3 d6 4. Bc4 Nf6 5. Qe2 Nc6 6. fxe5 dxe5 7. Bxf7+ Ke7 8.
Bb3 Rf8 9. c3 Bb6 10. d3 Bg4 11. Bg5 h6 12. Bxf6+ Rxf6 13. Nbd2 a6 14. h3 Bh5
15. g4 Bg6 16. Nc4 Bh7 17. Nxb6 cxb6 18. O-O Qd6 19. d4 Rf4 20. Bc2 exd4 21. e5
Nxe5 22. Bxh7 Kf6 23. Nxe5 Qxe5 24. Rxf4+ 1-0

[Event "Bristol Spring 2017 Fide Open"]
[Site "Bristol"]
[Date "2017.02.25"]
[Round "2.11"]
[White "Chapman, Andrew N"]
[Black "Cherupalli, Ramprasad"]
[Result "1/2-1/2"]
[WhiteElo "2187"]
[BlackElo "1850"]
[PlyCount "76"]
[EventDate "2017.02.24"]
[SourceTitle "Bristol Spring FO 2017"]
[Source "Dave Tipper"]
[SourceDate "2017.03.04"]
[SourceVersion "1"]
[SourceVersionDate "2017.03.04"]
[SourceQuality "2"]

1. d4 d5 2. c4 c6 3. g3 Nf6 4. Bg2 Bf5 5. Nf3 Nbd7 6. cxd5 cxd5 7. Nc3 e6 8.
O-O Bd6 9. Qb3 Qb6 10. Qxb6 Nxb6 11. a4 a6 12. a5 Nbd7 13. Nh4 Bc2 14. Bf4 Bxf4
15. gxf4 h6 16. Rfc1 Bh7 17. f5 g5 18. fxg6 fxg6 19. Na4 Ke7 20. Rc7 Rab8 21.
Rac1 Ne8 22. R7c3 Nd6 23. b3 Nb5 24. Re3 Kd6 25. Nf3 Rbc8 26. Rd1 g5 27. Ne5
Nxe5 28. dxe5+ Ke7 29. Nb6 Rc2 30. Ra1 Nd4 31. Kf1 Nf5 32. Rf3 Nh4 33. Re3 Nf5
34. Rf3 Bg6 35. Re1 Nh4 36. Re3 Nf5 37. Rf3 Nh4 38. Re3 Nf5 1/2-1/2

[Event "Bristol Spring 2017 Fide Open"]
[Site "Bristol"]
[Date "2017.02.25"]
[Round "2.12"]
[White "Cordner, David A"]
[Black "Waters, Andrew C"]
[Result "1-0"]
[WhiteElo "1981"]
[BlackElo "1792"]
[PlyCount "153"]
[EventDate "2017.02.24"]
[SourceTitle "Bristol Spring FO 2017"]
[Source "Dave Tipper"]
[SourceDate "2017.03.04"]
[SourceVersion "1"]
[SourceVersionDate "2017.03.04"]
[SourceQuality "2"]

1. d4 f5 2. e4 fxe4 3. Nc3 Nc6 4. Nxe4 d5 5. Ng5 Nf6 6. Bd3 Bg4 7. f3 Bd7 8.
Nxh7 Kf7 9. Ng5+ Kg8 10. Bg6 Be8 11. Bxe8 Qxe8 12. Ne6 Qd7 13. Nxf8 Rxf8 14.
Be3 e5 15. dxe5 Nxe5 16. Ne2 Nc4 17. Bd4 Rh6 18. Qd3 c5 19. Bxf6 Rhxf6 20.
O-O-O Rd6 21. Nc3 Ne5 22. Qb5 d4 23. Qxd7 Rxd7 24. Ne4 b6 25. Rhe1 Nc4 26. b3
Na3 27. c4 d3 28. Nc3 Nc2 29. Re5 Nd4 30. Rd5 Ne2+ 31. Nxe2 Rxd5 32. cxd5 dxe2
33. Re1 Rd8 34. Rxe2 Rxd5 35. Kc2 Rd7 36. Kc3 Kf7 37. h4 a6 38. Re4 Rd6 39.
Rf4+ Ke7 40. Rg4 Kf7 41. a4 g6 42. Rg5 Rd4 43. h5 gxh5 44. Rxh5 a5 45. Rh6 Rb4
46. Rc6 Kg7 47. Rd6 b5 48. axb5 Rxb5 49. Ra6 Kf7 50. g3 Kg7 51. f4 Kf7 52. Kc4
Rb4+ 53. Kc3 Rb5 54. Rc6 Kg7 55. Rc7+ Kf6 56. g4 Rb4 57. g5+ Kg6 58. Rxc5 Rxf4
59. Rxa5 Rf3+ 60. Kb4 Rg3 61. Rd5 Kf7 62. Ka4 Ke6 63. Rb5 Kd7 64. b4 Kc7 65.
Rc5+ Kb6 66. Rf5 Rg1 67. Rf6+ Kb7 68. g6 Rg5 69. b5 Rg1 70. Ka5 Ra1+ 71. Kb4
Rg1 72. Rf7+ Kb6 73. Rf6+ Kb7 74. Kc5 Rg5+ 75. Kc4 Rg1 76. Kd5 Rd1+ 77. Ke6 1-0

[Event "Bristol Spring 2017 Fide Open"]
[Site "Bristol"]
[Date "2017.02.25"]
[Round "3.1"]
[White "Arkell, Keith C"]
[Black "Dilleigh, Stephen P"]
[Result "1-0"]
[WhiteElo "2406"]
[BlackElo "2036"]
[PlyCount "113"]
[EventDate "2017.02.24"]
[SourceTitle "Bristol Spring FO 2017"]
[Source "Dave Tipper"]
[SourceDate "2017.03.04"]
[SourceVersion "1"]
[SourceVersionDate "2017.03.04"]
[SourceQuality "2"]

1. Nf3 d5 2. c4 e6 3. e3 Nf6 4. b3 Be7 5. Bb2 O-O 6. Be2 c5 7. O-O Nc6 8. cxd5
Nxd5 9. Nc3 Nxc3 10. Bxc3 b6 11. Qc2 Bb7 12. a3 Rc8 13. Qb2 Bf6 14. b4 Bxc3 15.
Qxc3 Ne7 16. Qb2 Qd5 17. Rfc1 Rfd8 18. d3 Ng6 19. h3 Nf8 20. bxc5 Rxc5 21. Rxc5
Qxc5 22. Rc1 Qd5 23. d4 f6 24. Ne1 Qd7 25. Bb5 Qd5 26. a4 Rc8 27. Rxc8 Bxc8 28.
Nd3 Bd7 29. Nf4 Qb7 30. Qb3 Kf7 31. f3 Qc7 32. d5 Qd6 33. Bxd7 Qxd7 34. e4 Qd6
35. dxe6+ Nxe6 36. Nd5 Qc5+ 37. Kh1 Qd4 38. Qa2 Kg6 39. Ne7+ Kf7 40. Nf5 Qc5
41. Qd2 Qc6 42. Nd6+ Ke7 43. Nb5 a6 44. Nc3 Nc5 45. Nd5+ Kf7 46. a5 bxa5 47.
Qxa5 Ne6 48. Qb4 Qc1+ 49. Kh2 Nc5 50. Qb8 Nd3 51. Qb7+ Kg6 52. Qxa6 Nf4 53.
Ne7+ Kf7 54. Nf5 Ne6 55. Qa2 Qf4+ 56. g3 Qe5 57. f4 1-0